Top 10 Countries By Religion: Jainism - Statistics

General Stats
  • This quiz has been taken 270 times
  • The average score is 7 of 12
Answer Stats
Type Rank Country Amount % Correct
Total 1 India 5,146,000
100%
Total 2 United States 79,000
94%
Total 4 United Kingdom 35,000
91%
Total 7 Nepal 6,000
84%
Total 5 Canada 12,000
82%
Total 9 Myanmar 2,000
54%
Total 10 Malaysia 2,000
50%
Percent 3 Fiji 0.2%
33%
Total 3 Kenya 68,000
25%
Percent 1 Suriname 0.3%
24%
Total 8 Uganda 2,000
21%
Total 6 Tanzania 9,000
20%
No matching quizzes found
Score Distribution
Percent of People with Each Score
Percentile by Number Answered
Your Score History
You have not taken this quiz